Szczegóły MARC21

Bankowość : podręcznik akademicki /

003 -Nazwa inst., której nr kontr. jest w polu 001 [,]
    • @
    • Nazwa instytucji, której n kontrolny jest w polu 001
    • NUKAT
005 -DATA I CZAS OSTATNIEJ MODYFIKACJI [,]
    • @
    • pole kontrolne
    • 20241231085857.0
020 -Międzynarod. znormalizowany nr książki - ISBN [ , ]
    • a
    • Numer ISBN
    • 8388840118 Find
040 -Instytucja sporządzająca opis [ , ]
    • a
    • Instytucja, która sporządziła opis (NP)
    • LUBL U/mm
    • c
    • Instytucja, która sporządziła rekord (NP)
    • LUBL U/mm
    • d
    • Instytucja, która zmodyfikowała rekord (P)
    • LUBL U/esz
    • d
    • Instytucja, która zmodyfikowała rekord (P)
    • LUBL U/MoMs
942 -Rodzaj dokumentu [ , ]
    • c
    • Rodzaj dokumentu
    • Książka
245 -Strefa tytułu i oznaczenia odpowiedzialności [0,0]
    • a
    • Tytuł
    • Bankowość : Find
    • b
    • Ciąg dalszy tytułu (NP)
    • podręcznik akademicki / Find
    • c
    • Pozostałe elementy strefy tytułu i oznaczenia odpowiedzialności (NP)
    • praca pod red. Władysława L. Jaworskiego i Zofii Zawadzkiej ; aut. Ireneusz Badowski [et al.].
260 -Strefa adresu wydawniczego [ , ]
    • a
    • Miejsce wydania (P)
    • Warszawa :
    • b
    • Nazwa wydawcy (P)
    • Poltext,
    • c
    • Data wydania (P)
    • 2001.
300 -Strefa opisu fizycznego [ , ]
    • a
    • Określenie formy książki i/lub objętość (NP)
    • 908 s. :
    • b
    • Oznaczenie ilustracji (NP)
    • wykr. ;
    • c
    • Format (NP)
    • 25 cm.
336 -Typ zawartości [ , ]
    • a
    • Termin opisujący typ zawartości
    • Tekst
    • b
    • Kod określający zawartość
    • txt
    • 2
    • Źródło (terminu i kodu)
    • rdacontent
337 -Typ mediów [ , ]
    • a
    • Tryb odtwarzania
    • Bez urządzenia pośredniczącego
    • b
    • Kod typu mediów
    • n
    • 2
    • Źródło (terminu i kodu)
    • rdamedia
338 -Typ/rodzaj nośnika [ , ]
    • a
    • Hasło opisujące typ nośnika
    • Wolumin
    • b
    • Kod typu nośnika
    • nc
    • 2
    • Źródło (terminu i kodu)
    • rdacarrier
504 -Uwaga dot. bibliogr. załącznikowej [ , ]
    • a
    • Uwaga dot. bibliografii załącznikowej
    • Bibliogr. s. 879-883.
080 -Uniwersalna Klasyfikacja Dziesiętna [ , ]
    • a
    • Symbol klasyfikacji
    • 336.71(075.8)
650 -Hasło przedmiotowe [ ,7]
    • a
    • Hasło przedmiotowe
    • Banki
    • v
    • Określnik formalny
    • podręczniki akademickie.
    • 2
    • Źródło terminu
    • kaba
    • 9
    • KHW
    • 353724
650 -Hasło przedmiotowe [ ,7]
    • a
    • Hasło przedmiotowe
    • Banki
    • z
    • Określnik geograficzny
    • Polska
    • v
    • Określnik formalny
    • podręczniki akademickie.
    • 2
    • Źródło terminu
    • kaba
    • 9
    • KHW
    • 353726
980 -Symbol UKD [ , ]
    • a
    • UKD
    • 336.71(075.8)
700 -Hasło dodatkowe - nazwa osobowa [1, ]
    • a
    • Nazwa osobowa (NP)
    • Jaworski, Władysław Leopold Find
    • d
    • Daty biograficzne (NP)
    • (1929-2017).
    • e
    • Określenie rodzaju współpracy
    • Red.
    • 9
    • KHW
    • 32048
700 -Hasło dodatkowe - nazwa osobowa [1, ]
    • a
    • Nazwa osobowa (NP)
    • Zawadzka, Zofia Find
    • d
    • Daty biograficzne (NP)
    • (1950-2005).
    • e
    • Określenie rodzaju współpracy
    • Red.
    • 9
    • KHW
    • 21698
700 -Hasło dodatkowe - nazwa osobowa [1, ]
    • a
    • Nazwa osobowa (NP)
    • Badowski, Ireneusz. Find
    • 9
    • KHW
    • 653274
710 -Hasło dodatkowe - nazwa ciała zbiorowego [2, ]
    • a
    • Nazwa ciała zbiorowego lub nazwa geograficzna jako pierwszy element (NP)
    • Wydawnictwo Poltext.
    • 4
    • Kod relacji
    • pbl
    • 9
    • KHW
    • 53400
920 -ISBN [ , ]
    • a
    • ISBN
    • 83-88840-11-8 Find
Data inwentaryzacji Lokalizacja Sygnatura Numer inwentarzowy Status udost.
2001-12-17BE E.68016-2
2002-01-18BE S.88884-3
2002-01-18BE S.88886-3
2002-01-18BE S.88887-3
2002-01-18BE S.88888-3
2002-01-18BE S.88885-3
2002-03-26BSASA.11367SA.113671
2002-02-06TT.6411T.6411-3
2002-02-06TT.6412T.6412-6
2002-02-06TT.6413T.6413-3
2002-02-25TT.6423T.6423-3
2002-02-25TT.6424T.6424-3
2002-02-25TT.6425T.6425-3
2002-02-25TT.6426T.6426-3
2002-02-25TT.6427T.6427-3
2002-04-12TT.6789T.6789-3
2002-04-12TT.6790T.6790-3
2002-04-12TT.6791T.6791-3
2002-04-12T T.6792-6
2002-04-12T T.6793-3
2002-08-13TTM.299TM.299-3
2002-08-13TTM.300TM.300-3
2006-02-07TTM.3786TM.3786-3